000 00865nam a22002777a 4500
001 2424739
003 OSt
005 20210426124252.0
008 890210s1987 gau 000 1 eng
010 _a 87080971
020 _a0934601267
040 _aDLC
_cDLC
_dDLC
050 0 0 _aPS3569.A46656
_bW54 1987
080 _a821.111
_bS-19
082 0 0 _a813/.54
_219
100 1 _aSams, Ferrol,
_d1922-2013.
245 1 4 _aThe widow's mite & other stories /
_cFerrol Sams.
260 _aAtlanta, Ga. :
_bPeachtree Publishers,
_cc1987.
300 _a218 p. ;
_c24 cm.
650 0 _aCity and town life
_vFiction.
651 0 _aGeorgia
_xSocial life and customs
_vFiction.
653 _aინგლისური ლიტერატურა
740 0 _aWidow's mite and other stories.
906 _a7
_bcbc
_corignew
_d3
_eopcn
_f19
_gy-gencatlg
942 _2udc
_cBK
999 _c1108
_d1108